000 00290nam a2200121Ia 4500
008 190216s9999||||xx |||||||||||||| ||und||
100 _aSherlekar
245 0 _aGeneral Commercial Knowledge
260 _bHimalaya Publishing House
_c1978
300 _a462p
650 _aCommerce
942 _cBK
999 _c4393
_d4393